000 00383nam a2200157Ia 4500
003 Ost
005 20260225132552.0
008 260225s9999||||xx |||||||||||||| ||und||
040 _cfsic
041 _afre
082 _a440
100 _aAbedellatif bena chenhou
_eAuteur
245 0 _aL'emigration maghrebine en Europe /
245 0 _cAbedellatif bena chenhou
942 _cكتاب
999 _c34209
_d34209